| 000 | 00858nam a2200253 4500 | ||
|---|---|---|---|
| 999 |
_c6624 _d6624 |
||
| 003 | OSt | ||
| 005 | 20240215170001.0 | ||
| 008 | 120607s2012 sp a | |||| 00| 0 spa d | ||
| 015 | _aMON1206 | ||
| 017 |
_aM 16562-2012 _bOficina Depósito Legal Madrid |
||
| 020 | _a9788470745041 | ||
| 035 | _a(OCoLC)794620624 | ||
| 040 |
_aSpMaBN _bcat _cCDMR _erdc |
||
| 100 | 1 |
_aRenó, Denis Porto _94542 |
|
| 245 | 1 | 0 |
_aPeriodismo transmedia _b: reflexiones y técnicas para el ciberperiodista desde los laboratorios de medios interactivos _cDenis Porto, Jesús Flores |
| 260 |
_aMadrid _bFragua _c2012 |
||
| 300 |
_a141 p. _bil. _c21 cm |
||
| 490 | 0 |
_aFragua comunicación _v118 |
|
| 504 | _aBibliografía: p. 125-129 | ||
| 650 | 0 |
_94931 _aNarrativa transmèdia |
|
| 650 | 0 |
_93076 _aPeriodisme digital |
|
| 700 | 1 |
_aFlores Vivar, Jesús Miguel _94543 |
|
| 942 |
_cMON _2udc |
||